Metalwork and material culture in the Islamic world : art, craft and text : essays presented to James W. Allan /

محفوظ في:

المؤلف الرئيسي: Porter, Venetia (مؤلف)

مؤلفون آخرون: Rosser-Owen, Mariam.

التنسيق: كتاب

اللغة: English

الموضوعات:

الوسوم: إضافة وسم

لا توجد وسوم, كن أول من يضع وسما على هذه التسجيلة!

رقم الطلب: NK6473 .M48

LEADER 01079namaa2200277 4500
003 OSt
005 20200414081209.0
008 130303s2012 enkad g b 001 0 eng d
952 |0 0  |1 0  |2 lcc  |4 0  |6 NK6473 M48  |7 1  |9 1370  |a ARCE  |b ARCE  |d 2020-04-14  |l 0  |o NK6473 .M48  |p 1003335  |r 2020-04-14 00:00:00  |w 2020-04-14  |y BK 
999 |c 2746  |d 2746 
020 |a 9781780763231 
040 |c ARCE Library 
050 0 4 |a NK6473 .M48 
100 1 |a Porter, Venetia,  |e author 
245 1 0 |a Metalwork and material culture in the Islamic world :   |b art, craft and text : essays presented to James W. Allan /   |c Venetia Porter, Mariam Rosser-Owen. 
264 1 |a London :  |b I.B. Tauris & Co.Ltd,  |c 2012. 
300 |a 530 pages :   |b illustrations, charts ;   |c 25 cm. 
336 |a text  |b txt  |2 rdacontent 
337 |a unmediated  |b n  |2 rdamedia 
338 |a volume  |b nc  |2 rdacarrier 
504 |a Includes bibliographical references and index. 
650 0 |a Islamic metalwork  |x Social aspects. 
650 0 |a Material culture  |z Islamic countries. 
700 1 |a Rosser-Owen, Mariam.  |9 38690 
901 |a reviewed 
942 |c BK  |2 lcc